000 00588nam a2200193Ia 4500
005 20250326142943.0
008 250326s9999 xx 000 0 und d
020 _a0-7546-3060-9
037 _aTextbook
040 _aFMSL
_beng
_cFMSL
041 _aeng
_2eng
084 _aX9B.56 P2
_qFMSL
100 _aKirby D A
_9284152
245 0 _aSmall firms and economic development in developed and transition Economies: a reader
_cKirby D A; Watson A
260 _aLondon
_bLondon, Ashgate
_c2002
300 _aviii,206
942 _cTB
_hX9B.56 P2
999 _c1297437
_d1297437